000 00471nam a2200181Ia 4500
008 240925s9999 xx 000 0 und d
020 _a8185198810
082 _a621.381537 LEO
100 _aLeonhard , W
245 0 _aControl of Electrical Drives
250 _aNA
260 _aNew Delhi:
_bNarosa Publishing House
_c,1985.
300 _ax,149p.
_bNA
_fOriginal
500 _aIncludes Index
600 _aElectrical Engineering
650 _aTechnology
942 _cBK
999 _c2723
_d2723